[Event "Titled Tuesday intern op 03rd Jan Late"]
[Site "Chess.com INT"]
[Date "2025.06.03"]
[Round "5"]
[White "Aliyev, Elnur Fakhraddin Og"]
[Black "Carlsson, Ludvig"]
[Result "0-1"]
[WhiteElo "2155"]
[BlackElo "2374"]
[PlyCount "170"]
[EventDate "2025.06.03"]
[EventType "swiss (blitz)"]
[EventRounds "11"]
[EventCountry "USA"]
[SourceTitle "CB24_2025"]
[SourceDate "2025.06.11"]
[SourceVersion "1"]
[SourceVersionDate "2025.06.11"]
[SourceQuality "1"]

1. Nf3 d5 2. g3 Bg4 3. d4 e6 4. Ne5 Bf5 5. c4 c6 6. Qb3 Qb6 7. Nc3 Nd7 8. Nxd7 Qxb3 9. axb3 Kxd7 10. c5 Nf6 11. f3 Be7 12. b4 b5 13. Bf4 Bd8 14. Kd2 Bc7 15. Bxc7 Kxc7 16. Ra5 Kb7 17. e3 a6 18. g4 Bg6 19. Ne2 Rhe8 20. h4 h5 21. g5 Nd7 22. Nf4 Nf8 23. Bd3 Bxd3 24. Nxd3 Ng6 25. f4 Ne7 26. Ne5 f6 27. Nf3 Nf5 28. Rg1 Rg8 29. Kd3 Rad8 30. Rg2 Ne7 31. b3 Rdf8 32. Nh2 Ng6 33. Nf3 e5 34. dxe5 fxe5 35. Nxe5 Nxe5+ 36. fxe5 Rf5 37. e6 Re8 38. Rga2 Ra8 39. e4 Re5 40. exd5 Rxd5+ 41. Ke4 Re8 42. Rxa6 Rxe6+ 43. Kf4 Rd4+ 44. Kf3 Rd3+ 45. Kf2 Rxb3 46. Ra7+ Kc8 47. Rxg7 Kb8 48. Re2 Rxe2+ 49. Kxe2 Rxb4 50. g6 Rg4 51. Kd3 b4 52. Kc2 Kc8 53. Kb3 Kd8 54. Ka4 Ke8 55. Rb7 Rxg6 56. Rxb4 Rg4 57. Kb3 Kd7 58. Rb7+ Ke6 59. Rh7 Rxh4 60. Rg7 Rg4 61. Rh7 h4 62. Rh5 Rf4 63. Kc3 Re4 64. Rg5 h3 65. Rh5 Re5 66. Rh6+ Kd5 67. Kb4 Re4+ 68. Kc3 Re3+ 69. Kd2 Rg3 70. Rh5+ Kd4 71. Ke2 Ra3 72. Kf2 Kc4 73. Kg1 Rd3 74. Kh2 Kb4 75. Rh6 Kxc5 76. Rh4 Kb5 77. Rh8 c5 78. Rb8+ Kc4 79. Rb1 Kd4 80. Rc1 c4 81. Kh1 c3 82. Ra1 c2 83. Rc1 Rd1+ 84. Kh2 Rxc1 85. Kxh3 Rd1 0-1

[Event "Titled Tuesday intern op 03rd Jan Late"]
[Site "Chess.com INT"]
[Date "2025.06.03"]
[Round "4"]
[White "Carlsson, Ludvig"]
[Black "Panarin, Mikhail"]
[Result "0-1"]
[WhiteElo "2374"]
[BlackElo "2562"]
[PlyCount "114"]
[EventDate "2025.06.03"]
[EventType "swiss (blitz)"]
[EventRounds "11"]
[EventCountry "USA"]
[SourceTitle "CB24_2025"]
[SourceDate "2025.06.11"]
[SourceVersion "1"]
[SourceVersionDate "2025.06.11"]
[SourceQuality "1"]

1. Nf3 c5 2. c4 Nc6 3. Nc3 Nf6 4. d4 cxd4 5. Nxd4 g6 6. e4 d6 7. Be2 Nxd4 8. Qxd4 Bg7 9. 0-0 0-0 10. Qd3 a5 11. Be3 a4 12. Rab1 Bd7 13. Bd4 Bc6 14. b4 axb3 15. axb3 Nd7 16. Bxg7 Kxg7 17. Qd4+ Nf6 18. Rfe1 Ra3 19. Nd5 e5 20. Qb2 Ra7 21. Nxf6 Qxf6 22. Bd3 Rfa8 23. Ra1 Qf4 24. Rxa7 Rxa7 25. Qc2 h5 26. Qc1 Ra2 27. Bc2 h4 28. h3 g5 29. Rd1 Qxc1 30. Rxc1 Kf6 31. f3 Ke7 32. Kf2 b5 33. cxb5 Bxb5 34. Ke3 Kd7 35. Kd2 Bc6 36. Kc3 d5 37. exd5 Bxd5 38. Rd1 Kc6 39. Rd2 Ra1 40. Rf2 Be6 41. Be4+ Kd6 42. Rd2+ Ke7 43. Bd5 Bd7 44. Bxf7 Bxh3 45. Bg6 Be6 46. Be4 g4 47. fxg4 Bxg4 48. b4 Re1 49. Bc6 e4 50. b5 e3 51. Rd4 e2 52. Re4+ Kd6 53. Kc2 Ra1 54. Rd4+ Kc5 55. Rxg4 e1Q 56. Rg5+ Kb6 57. Rg4 Rc1+ 0-1

[Event "Titled Tuesday intern op 20th May Late"]
[Site "Chess.com INT"]
[Date "2025.05.20"]
[Round "11"]
[White "Bhatia, Kanishka"]
[Black "Carlsson, Ludvig"]
[Result "0-1"]
[WhiteElo "1979"]
[BlackElo "2374"]
[PlyCount "128"]
[EventDate "2025.05.20"]
[EventType "swiss (blitz)"]
[EventRounds "11"]
[EventCountry "USA"]
[SourceTitle "CB22_2025"]
[SourceDate "2025.05.28"]
[SourceVersion "1"]
[SourceVersionDate "2025.05.28"]
[SourceQuality "1"]

1. d4 Nf6 2. Bf4 Nh5 3. Bd2 Nf6 4. Bf4 e6 5. Nf3 c5 6. e3 cxd4 7. exd4 Be7 8. Bd3 b6 9. 0-0 0-0 10. Re1 Ba6 11. c3 Bxd3 12. Qxd3 d6 13. Nbd2 Nbd7 14. Nc4 Qc7 15. Rad1 Rfe8 16. Ne3 Bf8 17. Nd2 Qc6 18. h3 Nd5 19. Nxd5 Qxd5 20. Qe4 Qxe4 21. Nxe4 d5 22. Nd6 Red8 23. Nb5 a6 24. Na3 Bxa3 25. bxa3 Rdc8 26. Bd2 b5 27. Rb1 Nb6 28. Rb3 Rc6 29. Reb1 Rac8 30. Be1 Rc4 31. Kf1 Na4 32. Rc1 h5 33. Bd2 Kf8 34. Ke2 Ke7 35. Kd3 Kd7 36. Rb4 Nb6 37. Rcb1 R8c6 38. Rxc4 Rxc4 39. Rb4 Ke7 40. Bc1 f6 41. a4 Nxa4 42. Rxc4 dxc4+ 43. Kd2 Nb6 44. Ba3+ Kf7 45. Bb4 Nd5 46. Bc5 f5 47. g3 g5 48. f3 g4 49. hxg4 fxg4 50. fxg4 hxg4 51. Bd6 Kf6 52. Bb8 Kf5 53. Be5 Ke4 54. Bb8 Kf3 55. a3 Nf6 56. a4 Ne4+ 57. Kc2 Nxg3 58. axb5 axb5 59. Kb2 Ne4 60. Ka3 Nxc3 61. Kb4 Nd5+ 62. Kxb5 c3 63. Kc4 c2 64. Bf4 Kxf4 0-1

[Event "Titled Tuesday intern op 20th May Late"]
[Site "Chess.com INT"]
[Date "2025.05.20"]
[Round "10"]
[White "Carlsson, Ludvig"]
[Black "Coe, William R"]
[Result "1/2-1/2"]
[WhiteElo "2374"]
[BlackElo "2078"]
[PlyCount "119"]
[EventDate "2025.05.20"]
[EventType "swiss (blitz)"]
[EventRounds "11"]
[EventCountry "USA"]
[SourceTitle "CB22_2025"]
[SourceDate "2025.05.28"]
[SourceVersion "1"]
[SourceVersionDate "2025.05.28"]
[SourceQuality "1"]

1. e4 c5 2. Nf3 e6 3. d4 cxd4 4. Nxd4 a6 5. Nc3 Qc7 6. Bd3 Nf6 7. 0-0 Bc5 8. Nb3 Be7 9. Qe2 d6 10. a4 b6 11. Bf4 Nbd7 12. Rfd1 e5 13. Be3 0-0 14. Nd2 Nc5 15. Bxc5 Qxc5 16. Nc4 Bb7 17. Ne3 Qb4 18. Bc4 Qxb2 19. Qd3 Qb4 20. Bd5 Rfb8 21. Bxb7 Rxb7 22. Ncd5 Qc5 23. Nxf6+ Bxf6 24. Qxd6 Qxd6 25. Rxd6 Be7 26. Rc6 f6 27. Nd5 Kf7 28. Rxb6 Rxb6 29. Nxb6 Rb8 30. Nd5 Rb2 31. Nxe7 Kxe7 32. f3 Rxc2 33. Rb1 Rc4 34. Rb7+ Kf8 35. Rb8+ Kf7 36. Rb7+ Kf8 37. Ra7 Rxa4 38. h4 Ra2 39. Kh2 h5 40. Kh3 a5 41. Kg3 a4 42. Kh3 a3 43. Kg3 Ra1 44. Kh2 a2 45. Kg3 Ke8 46. Kf2 Kd8 47. Kg3 Kc8 48. Kh2 Kb8 49. Ra3 Kb7 50. Kg3 Kb6 51. Ra8 Kb5 52. Rb8+ Kc4 53. Rc8+ Kd3 54. Ra8 Kc3 55. Rc8+ Kb2 56. Rb8+ Kc3 57. Ra8 Kb2 58. Rb8+ Kc3 59. Ra8 Kb2 60. Rb8+ 1/2-1/2

[Event "Titled Tuesday intern op 20th May Late"]
[Site "Chess.com INT"]
[Date "2025.05.20"]
[Round "1"]
[White "Harriott, Tyrell"]
[Black "Carlsson, Ludvig"]
[Result "0-1"]
[WhiteElo "1924"]
[BlackElo "2374"]
[PlyCount "102"]
[EventDate "2025.05.20"]
[EventType "swiss (blitz)"]
[EventRounds "11"]
[EventCountry "USA"]
[SourceTitle "CB22_2025"]
[SourceDate "2025.05.28"]
[SourceVersion "1"]
[SourceVersionDate "2025.05.28"]
[SourceQuality "1"]

1. d4 Nf6 2. e3 d5 3. Bd3 c5 4. c3 Nc6 5. f4 Bg4 6. Ne2 e6 7. Nd2 Bd6 8. 0-0 0-0 9. Nf3 Bf5 10. Ng3 Bxd3 11. Qxd3 Qc7 12. Ne5 Rac8 13. Bd2 a6 14. Rf2 Ne7 15. Raf1 b5 16. a3 Qb7 17. Be1 Ne4 18. Nxe4 dxe4 19. Qd1 f6 20. Qg4 Nf5 21. Qh3 fxe5 22. fxe5 Be7 23. Rxf5 exf5 24. Rxf5 Rxf5 25. Qxf5 cxd4 26. exd4 Rd8 27. Bd2 Qd5 28. h3 Rf8 29. Qg4 Kh8 30. Be3 Bd8 31. Kh2 a5 32. Kg1 Be7 33. Kh2 b4 34. axb4 axb4 35. Kg1 bxc3 36. bxc3 Qc4 37. Qd7 Qxc3 38. Qxe7 Qxe3+ 39. Kh2 Qf4+ 40. Kh1 e3 41. Qb4 e2 42. e6 Qf1+ 43. Kh2 e1Q 44. Qxe1 Qxe1 45. d5 Qe5+ 46. Kg1 Qxd5 47. e7 Qc5+ 48. Kh2 Qxe7 49. Kg1 Qe3+ 50. Kh2 Rf2 51. Kg1 Qg3 0-1

[Event "Titled Tuesday intern op 20th May Late"]
[Site "Chess.com INT"]
[Date "2025.05.20"]
[Round "8"]
[White "Romero Ruscalleda, Josep"]
[Black "Carlsson, Ludvig"]
[Result "1/2-1/2"]
[WhiteElo "2110"]
[BlackElo "2374"]
[PlyCount "76"]
[EventDate "2025.05.20"]
[EventType "swiss (blitz)"]
[EventRounds "11"]
[EventCountry "USA"]
[SourceTitle "CB22_2025"]
[SourceDate "2025.05.28"]
[SourceVersion "1"]
[SourceVersionDate "2025.05.28"]
[SourceQuality "1"]

1. e4 e5 2. Nf3 Nf6 3. Nxe5 d6 4. Nf3 Nxe4 5. Nc3 Nxc3 6. dxc3 Be7 7. Bf4 Nd7 8. Qd2 Nc5 9. Bc4 Be6 10. Bd3 Nxd3+ 11. cxd3 0-0 12. 0-0 Qd7 13. d4 Rfe8 14. Rfe1 Bf8 15. h3 Bd5 16. Nh2 c6 17. Ng4 Qf5 18. Bg3 Qh5 19. Qf4 f6 20. Qxf6 Qxg4 21. Qxf8+ Kxf8 22. hxg4 Rxe1+ 23. Rxe1 Re8 24. Bxd6+ Kf7 25. Rxe8 Kxe8 26. b3 Be4 27. f3 Bb1 28. a3 Ba2 29. b4 b5 30. Kf2 Kd7 31. Bf8 g6 32. Ke3 Ke6 33. g3 Bb3 34. Bc5 a6 35. Kf4 Bd1 36. Ke3 Bb3 37. Kf4 Bd1 38. Ke3 Bb3 1/2-1/2

[Event "Titled Tuesday intern op 20th May Late"]
[Site "Chess.com INT"]
[Date "2025.05.20"]
[Round "2"]
[White "Yilmaz, Mustafa"]
[Black "Carlsson, Ludvig"]
[Result "1-0"]
[WhiteElo "2586"]
[BlackElo "2374"]
[PlyCount "139"]
[EventDate "2025.05.20"]
[EventType "swiss (blitz)"]
[EventRounds "11"]
[EventCountry "USA"]
[SourceTitle "CB22_2025"]
[SourceDate "2025.05.28"]
[SourceVersion "1"]
[SourceVersionDate "2025.05.28"]
[SourceQuality "1"]

1. d4 Nf6 2. c4 e6 3. Nf3 d5 4. Nc3 c5 5. cxd5 cxd4 6. Qxd4 exd5 7. Bg5 Be7 8. e3 0-0 9. Be2 Nc6 10. Qd3 h6 11. Bh4 Qb6 12. 0-0 Qxb2 13. Rab1 Qa3 14. Bxf6 Bxf6 15. Nxd5 Qxd3 16. Nxf6+ gxf6 17. Bxd3 Rd8 18. Be4 Re8 19. Bxc6 bxc6 20. Rfc1 Be6 21. Rxc6 Bxa2 22. Ra1 Be6 23. Rca6 Re7 24. Nd4 Kg7 25. h3 Bc8 26. R6a5 a6 27. Kh2 Re5 28. R5a3 Rc5 29. g4 Ra7 30. Ra5 Rxa5 31. Rxa5 Rc7 32. Kg3 Rc1 33. Ne2 Rb1 34. Rc5 Bd7 35. Nf4 Rb6 36. Rc7 Rd6 37. Ra7 Bc8 38. e4 Rb6 39. Nd5 Rb3+ 40. f3 Bb7 41. Ne7 Bxe4 42. Kf4 Bd3 43. Nc6 Rc3 44. Nd8 Bc4 45. Rc7 Rc2 46. Ne6+ Kg6 47. Nd4 Rc1 48. Rc8 a5 49. Nb5 Rc2 50. Na3 Ra2 51. Nxc4 Rc2 52. Ke3 a4 53. Kd3 Rc1 54. Ra8 Rh1 55. Rxa4 Rxh3 56. Ke4 h5 57. Ne3 hxg4 58. fxg4 Rh4 59. Kf4 Rh2 60. Ra8 Rf2+ 61. Kg3 Rb2 62. Nf5 Kh7 63. Rf8 Rb3+ 64. Kh4 Kg6 65. Rg8+ Kh7 66. Rg7+ Kh8 67. Rxf7 Rb6 68. Kh5 Ra6 69. Kg6 Kg8 70. Nh6+ 1-0

[Event "Norrkoping op"]
[Site "Norrkoping"]
[Date "2025.04.20"]
[Round "7"]
[White "Carlsson, Ludvig"]
[Black "Falkevall, Axel"]
[Result "1/2-1/2"]
[WhiteElo "2364"]
[BlackElo "2382"]
[PlyCount "98"]
[EventDate "2025.04.18"]
[EventType "swiss"]
[EventRounds "8"]
[EventCountry "SWE"]
[SourceTitle "CB17_2025"]
[SourceDate "2025.04.23"]
[SourceVersion "1"]
[SourceVersionDate "2025.04.23"]
[SourceQuality "1"]

1. e4 e6 2. d4 d5 3. Nd2 c5 4. exd5 exd5 5. Bb5+ Bd7 6. Bxd7+ Qxd7 7. Ngf3 Nf6 8. 0-0 cxd4 9. Nxd4 Be7 10. Qf3 0-0 11. Nf5 Nc6 12. Re1 Rfe8 13. Nb3 Bf8 14. Bd2 Ne4 15. Be3 Qe6 16. Rad1 Ne5 17. Qh3 Nc4 18. Rb1 Rad8 19. c3 Qg6 20. Nbd4 Bc5 21. Qh4 Kh8 22. Qf4 Ned6 23. Nxd6 Bxd6 24. Qf5 Nxe3 25. Rxe3 Rxe3 26. Qxg6 hxg6 27. fxe3 Re8 28. Kf2 Bc5 29. Rd1 Re5 30. Rd3 f6 31. Nc2 Kg8 32. Nb4 Bxb4 33. cxb4 Kf7 34. Ra3 a6 35. b5 Re6 36. bxa6 bxa6 37. Rc3 g5 38. Rc7+ Kg6 39. b4 Kf5 40. Rxg7 Rc6 41. Kf3 Rc2 42. a4 Rc4 43. Ra7 Rxb4 44. Rxa6 g4+ 45. Kf2 Rb2+ 46. Kf1 Rb1+ 47. Kf2 Rb2+ 48. Kf1 Rb1+ 49. Kf2 Rb2+ 1/2-1/2

[Event "Karlstad op"]
[Site "Karlstad"]
[Date "2024.12.28"]
[Round "4"]
[White "Carlsson, Ludvig"]
[Black "Carlstrom, Nicklas"]
[Result "1-0"]
[WhiteElo "2352"]
[BlackElo "2082"]
[PlyCount "55"]
[EventDate "2024.12.27"]
[EventType "swiss"]
[EventRounds "8"]
[EventCountry "SWE"]
[SourceTitle "CB01_2025"]
[SourceDate "2025.01.01"]
[SourceVersion "1"]
[SourceVersionDate "2025.01.01"]
[SourceQuality "1"]

1. d4 e6 2. e4 d5 3. Nc3 Nf6 4. e5 Nfd7 5. f4 c5 6. Nf3 Be7 7. Be3 Nc6 8. dxc5 Nxc5 9. Be2 a6 10. 0-0 0-0 11. a3 Qc7 12. Qe1 f6 13. exf6 Rxf6 14. Rd1 Bd7 15. b4 Ne4 16. Nxe4 dxe4 17. Ng5 Raf8 18. Nxe4 Rh6 19. g3 e5 20. f5 Bxf5 21. Bxh6 Qb6+ 22. Qf2 Nd4 23. Be3 Qc6 24. Nc5 Be6 25. Qe1 Nxc2 26. Rxf8+ Bxf8 27. Qf2 Nxe3 28. Qxe3 1-0

[Event "Karlstad op"]
[Site "Karlstad"]
[Date "2024.12.27"]
[Round "2"]
[White "Carlsson, Ludvig"]
[Black "Larsson, Fredrik"]
[Result "1-0"]
[WhiteElo "2352"]
[BlackElo "1991"]
[PlyCount "47"]
[EventDate "2024.12.27"]
[EventType "swiss"]
[EventRounds "8"]
[EventCountry "SWE"]
[SourceTitle "CB01_2025"]
[SourceDate "2025.01.01"]
[SourceVersion "1"]
[SourceVersionDate "2025.01.01"]
[SourceQuality "1"]

1. Nf3 Nf6 2. c4 g6 3. Nc3 Bg7 4. e4 d6 5. d4 0-0 6. Be2 e5 7. dxe5 dxe5 8. Qxd8 Rxd8 9. Bg5 Re8 10. Nd5 Nxd5 11. cxd5 c6 12. Bc4 b5 13. Bb3 Bb7 14. Rc1 cxd5 15. Rc7 Bc6 16. 0-0 Bf8 17. Rc1 Bd6 18. R7xc6 Nxc6 19. Rxc6 dxe4 20. Rxd6 exf3 21. Rd7 Rf8 22. Bh6 Rfd8 23. Bxf7+ Kh8 24. Bg5 1-0

[Event "Fagernes Autumn op"]
[Site "Fagernes"]
[Date "2024.10.12"]
[Round "8"]
[White "Sorensen, Hampus"]
[Black "Carlsson, Ludvig"]
[Result "1-0"]
[WhiteElo "2423"]
[BlackElo "2334"]
[PlyCount "119"]
[EventDate "2024.10.06"]
[EventType "swiss"]
[EventRounds "9"]
[EventCountry "NOR"]
[SourceTitle "CB42_2024"]
[Source "ChessBase"]
[SourceDate "2024.10.16"]
[SourceVersion "1"]
[SourceVersionDate "2024.10.16"]
[SourceQuality "1"]

1. d4 d5 2. c4 e6 3. Nf3 Nf6 4. Nc3 c5 5. e3 dxc4 6. Bxc4 a6 7. 0-0 b5 8. Be2 Bb7 9. dxc5 Bxc5 10. Qxd8+ Kxd8 11. Nd2 Nbd7 12. Nb3 Ke7 13. Na5 Ra7 14. Nxb7 Rxb7 15. Bd2 Rd8 16. Rfd1 Ne5 17. Be1 Rbd7 18. Rxd7+ Rxd7 19. Rd1 Rxd1 20. Nxd1 Nd5 21. Nc3 Nxc3 22. Bxc3 f6 23. Kf1 Nc6 24. a3 Bd6 25. f4 Bc5 26. Bd2 Kd6 27. Bd1 f5 28. Bc2 g6 29. Ke2 a5 30. Kd3 a4 31. Bd1 e5 32. e4 Bg1 33. h3 Bh2 34. exf5 gxf5 35. fxe5+ Bxe5 36. b3 b4 37. Bc1 axb3 38. Bxb3 Na5 39. Bg8 b3 40. Bd2 b2 41. Kc2 Nc6 42. Bxh7 Ne7 43. Bb4+ Ke6 44. a4 Nc6 45. Bg8+ Kf6 46. Ba3 Nd4+ 47. Kb1 Ne2 48. Bxb2 Nc3+ 49. Bxc3 Bxc3 50. Kc2 Ba5 51. Kd3 Ke5 52. Kc4 Be1 53. Bd5 Kd6 54. Bf3 Ke5 55. Kb5 Kd6 56. a5 Bf2 57. a6 Kc7 58. h4 Kb8 59. h5 Be3 60. Kc6 1-0

[Event "Fagernes Autumn op"]
[Site "Fagernes"]
[Date "2024.10.09"]
[Round "4"]
[White "Aizenberg, Benny"]
[Black "Carlsson, Ludvig"]
[Result "1-0"]
[WhiteElo "2423"]
[BlackElo "2334"]
[PlyCount "147"]
[EventDate "2024.10.06"]
[EventType "swiss"]
[EventRounds "9"]
[EventCountry "NOR"]
[SourceTitle "CB42_2024"]
[Source "ChessBase"]
[SourceDate "2024.10.16"]
[SourceVersion "1"]
[SourceVersionDate "2024.10.16"]
[SourceQuality "1"]

1. e4 e5 2. Nf3 Nf6 3. Nxe5 Nxe4 4. Qe2 Qe7 5. Qxe4 d6 6. d4 dxe5 7. dxe5 Nc6 8. Nc3 Qxe5 9. Qxe5+ Nxe5 10. Bf4 f6 11. 0-0-0 Bd7 12. Nb5 Bxb5 13. Bxb5+ c6 14. Ba4 Bc5 15. f3 Rd8 16. Rde1 0-0 17. Bxe5 fxe5 18. Bb3+ Kh8 19. Rxe5 Bd6 20. Ree1 g6 21. Bc4 Kg7 22. Bd3 Rfe8 23. g3 Bc5 24. Kd2 a5 25. a4 Bf2 26. Re2 Rxe2+ 27. Kxe2 Bc5 28. Rd1 Kf6 29. Kf1 Rd4 30. Ra1 Bf8 31. Kg2 Bc5 32. b3 Bb4 33. Rf1 Bc3 34. f4 Rd7 35. h4 h6 36. Rf3 Bb4 37. g4 Kg7 38. f5 gxf5 39. Rxf5 Rf7 40. Re5 Re7 41. Rh5 Be1 42. g5 Re6 43. Kf3 b6 44. Kf4 Bd2+ 45. Kf5 Rg6 46. Be4 Bc1 47. Ke5 Bb2+ 48. Kf4 Rd6 49. Bf5 Bc1+ 50. Ke5 Rd5+ 51. Ke6 Bf4 52. Bd3 hxg5 53. hxg5 Re5+ 54. Kd7 Rxg5 55. Rh7+ Kf8 56. Kxc6 Be3 57. Rb7 Re5 58. Kd6 Bf4 59. Rxb6 Rb5+ 60. Kc6 Rxb6+ 61. Kxb6 Bd2 62. c4 Ke7 63. c5 Kd8 64. c6 Bf4 65. Kxa5 Kc7 66. Kb5 Bd2 67. Be4 Be1 68. b4 Bd2 69. a5 Be1 70. Ka4 Kb8 71. b5 Bxa5 72. Kxa5 Ka7 73. b6+ Ka8 74. c7# 1-0

[Event "Fagernes Autumn op"]
[Site "Fagernes"]
[Date "2024.10.06"]
[Round "1"]
[White "Carlsson, Ludvig"]
[Black "Kittilsen, Sigurd"]
[Result "1-0"]
[WhiteElo "2334"]
[BlackElo "1981"]
[PlyCount "59"]
[EventDate "2024.10.06"]
[EventType "swiss"]
[EventRounds "9"]
[EventCountry "NOR"]
[SourceTitle "CB42_2024"]
[Source "ChessBase"]
[SourceDate "2024.10.16"]
[SourceVersion "1"]
[SourceVersionDate "2024.10.16"]
[SourceQuality "1"]

1. e4 c5 2. Nf3 g6 3. d4 cxd4 4. Nxd4 Nc6 5. c4 Nf6 6. Nc3 d6 7. Be2 Nxd4 8. Qxd4 Bg7 9. 0-0 0-0 10. Qd3 Be6 11. Be3 Qa5 12. Bd2 Rfc8 13. b3 Nd7 14. f4 Nc5 15. Qe3 Nd7 16. f5 gxf5 17. exf5 Bxf5 18. Nd5 Qc5 19. Nxe7+ Kf8 20. Nxf5 Bxa1 21. Qxc5 Rxc5 22. Rxa1 Re8 23. Ng3 Rce5 24. Bf3 Nc5 25. b4 Nd3 26. Bxb7 Rb8 27. Be4 Nxb4 28. Rb1 Na6 29. Rxb8+ Nxb8 30. Bf4 1-0

[Event "Titled Tuesday intern op 21st May Early"]
[Site "Chess.com INT"]
[Date "2024.05.21"]
[Round "2"]
[White "Akobian, Varuzhan"]
[Black "Carlsson, Ludvig"]
[Result "1/2-1/2"]
[WhiteElo "2571"]
[BlackElo "2335"]
[PlyCount "110"]
[EventDate "2024.05.21"]
[EventType "swiss (blitz)"]
[EventRounds "11"]
[EventCountry "USA"]
[SourceTitle "CBM 220 Extra"]
[Source "ChessBase"]
[SourceDate "2024.07.31"]
[SourceVersion "1"]
[SourceVersionDate "2024.07.31"]
[SourceQuality "1"]

1. d4 Nf6 2. c4 e6 3. Nf3 d5 4. cxd5 exd5 5. Nc3 c6 6. Qc2 Be7 7. Bg5 g6 8. e3 Bf5 9. Bd3 Bxd3 10. Qxd3 Nbd7 11. 0-0 0-0 12. Rab1 a5 13. Qc2 Re8 14. Rfc1 Ne4 15. Nxe4 dxe4 16. Bxe7 Qxe7 17. Nd2 Nf6 18. Qc5 Qe6 19. Nc4 Nd5 20. Nb6 Nxb6 21. Qxb6 Re7 22. a3 a4 23. Qb4 Rd7 24. Rc5 Qd6 25. Rbc1 Kg7 26. h3 h5 27. Qc3 Kh7 28. Re5 f5 29. Qc4 Re7 30. Qc5 Qxc5 31. Rcxc5 Rxe5 32. Rxe5 Kh6 33. Re7 Rb8 34. Rc7 Kg5 35. f3 exf3 36. gxf3 f4 37. exf4+ Kxf4 38. Kf2 Rd8 39. Rf7+ Kg5 40. Ke3 Rd5 41. Rxb7 Kh4 42. Rb6 Rd6 43. Ra6 Kxh3 44. Rxa4 g5 45. Kf2 g4 46. fxg4 hxg4 47. Rc4 g3+ 48. Kg1 Re6 49. Rc1 Re2 50. a4 Rxb2 51. Ra1 Rg2+ 52. Kh1 Rh2+ 53. Kg1 Rg2+ 54. Kh1 Rh2+ 55. Kg1 Rg2+ 1/2-1/2

[Event "SWE-chT 2324 Elite"]
[Site "Sweden"]
[Date "2024.03.04"]
[Round "4.20"]
[White "Carlsson, Ludvig"]
[Black "Olsson, William"]
[Result "1/2-1/2"]
[WhiteElo "2361"]
[BlackElo "2379"]
[PlyCount "84"]
[EventDate "2023.10.13"]
[EventType "team-tourn"]
[EventRounds "9"]
[EventCountry "SWE"]
[SourceTitle "EXT 2025"]
[Source "ChessBase"]
[SourceDate "2024.10.14"]
[SourceVersion "1"]
[SourceVersionDate "2024.10.14"]
[SourceQuality "1"]
[WhiteTeam "Vasteras"]
[BlackTeam "Orgryte"]
[WhiteTeamCountry "SWE"]
[BlackTeamCountry "SWE"]

1. d4 d5 2. c4 c6 3. Nf3 Nf6 4. cxd5 cxd5 5. Nc3 Nc6 6. Bf4 Bf5 7. e3 e6 8. Qb3 Bb4 9. Ne5 Bxc3+ 10. bxc3 Nxe5 11. Bxe5 0-0 12. Be2 Rc8 13. 0-0 Ne4 14. Rfc1 Qa5 15. f3 Nxc3 16. Bf1 Rc6 17. Qxb7 Rfc8 18. Kh1 Qb6 19. Qxb6 Rxb6 20. Bg3 Rbc6 21. Be1 Nb1 22. Rxc6 Rxc6 23. e4 Rc1 24. exf5 Rxe1 25. Kg1 Rd1 26. Kf2 Nc3 27. Rxd1 Nxd1+ 28. Ke1 Ne3 29. fxe6 fxe6 30. Ke2 Nxf1 31. Kxf1 g5 32. Kf2 Kf7 33. f4 g4 34. Kg3 h5 35. h3 gxh3 36. Kxh3 Kg6 37. g4 hxg4+ 38. Kxg4 a5 39. a4 Kf6 40. Kg3 Kg7 41. Kg4 Kg6 42. Kg3 Kf6 1/2-1/2